[Event "SRB-chT 1st League Women 2018"]
[Site "Zajecar"]
[Date "2018.09.06"]
[Round "7"]
[White "Nechaeva, Marina"]
[Black "Bulmaga, Irina"]
[Result "0-1"]
[WhiteElo "2419"]
[BlackElo "2394"]
[Annotator "TA"]
[PlyCount "54"]
[EventDate "2018.08.31"]
[EventType "team-tourn"]
[EventCountry "SRB"]
[SourceTitle "playchess.com"]
[Source "ChessBase"]
[SourceQuality "1"]

{[%evp 18,54,0,-33,0,0,0,0,0,0,0,-31,13,43,25,13,4,2,71,89,79,66,74,81,96,-50,0,-31,-25,-138,0,-422,-3,-445,-424,-927,-384,-29993,-29994]} 1. d4 Nf6 2. c4 e6 3. Nc3 Bb4 4. Nf3 b6 5. e3 Bb7 6. Bd3 O-O 7. O-O d5 8. cxd5 exd5 9. Ne5 c5 10. f4 {[%cal Bf2f4,Bf4f5,Bf5f6][%mdl 32] LiveBook: 3 Games. E53: Nimzo-Indian: Rubinstein: Main Line (4...0-0 5 Nf3 d5 6 Bd3 c5 7 0-0)} cxd4 (10... Nc6 11. Ne2 c4 12. Bc2 Ne7 13. Ng3 Nc8 14. Nh5 Be7 15. b3 cxb3 16. axb3 Nd6 17. Nxf6+ Bxf6 {1-0 (32) Caruana,F (2807)-Karjakin,S (2773) Saint Louis 2017}) 11. exd4 Nc6 12. Ne2 {The position is equal.} Be7 $146 ({Predecessor:} 12... Ne4 13. Be3 Rc8 14. Ng3 Nxe5 15. fxe5 Nxg3 16. hxg3 Be7 17. e6 Bf6 {1-0 (33) Norri,J (2430)-Kanko,I (2270) Helsinki 1997}) 13. Be3 Ne4 14. f5 Nxe5 15. dxe5 Bc5 16. Bxc5 bxc5 17. f6 Re8 (17... gxf6 $11 18. Bxe4 dxe4) 18. Bxe4 $1 $16 dxe4 19. Qb3 Qd5 20. Qg3 {[%csl Gf6][%cal Rg3g7]} g6 {[#]} 21. Rf5 (21. Qh4 $1 $16 {[%cal Rh4h6] Intending Qh6 and mate.} c4 22. Qh6 Qc5+ 23. Kh1) 21... e3 {And now ...Qd3 would win.} 22. Rg5 $1 Rad8 {Strongly threatening ...Qd1+!} 23. Rf1 (23. Re1 $11 {keeps the balance.}) 23... Kh8 ({Much weaker is} 23... Qxa2 $6 24. Qxe3 Qd5 25. Nf4 $11) (23... Qd2 $17 24. Nf4 e2) 24. Qh3 $2 {[%mdl 8192]} (24. Qxe3 $11 {and White has nothing to worry.} Ba6 25. Re1) 24... Rxe5 $2 $40 {[%mdl 128] Black mounts an attack.} (24... Qd2 $19 25. Qh6 Rg8) 25. Qh6 $2 {[%mdl 8192]} (25. Nf4 $1 $11 Qd4 26. Rxe5 e2+ 27. Qe3 exf1=R+ 28. Kxf1 Ba6+ 29. Kg1) 25... Rg8 $19 26. Nc3 (26. h4 $142) 26... Qd4 (26... Qd2 $142 {...e2 is the strong threat.} 27. Rg3 g5) 27. Rg3 $2 {[#]} (27. Rxe5 $19 Qxe5 28. Qh4) 27... e2+ {Precision: White = 22%, Black = 22%.} 0-1

[Event "SRB-chT 1st League Women 2018"]
[Site "Zajecar"]
[Date "2018.09.06"]
[Round "7"]
[White "Rapport, Jovana"]
[Black "Manakova, Maria"]
[Result "1-0"]
[WhiteElo "2348"]
[BlackElo "2242"]
[Annotator "TA"]
[PlyCount "99"]
[EventDate "2018.08.31"]
[EventType "team-tourn"]
[EventCountry "SRB"]
[SourceTitle "playchess.com"]
[Source "ChessBase"]
[SourceQuality "1"]

{[%evp 17,99,42,49,39,41,47,136,136,132,133,113,110,154,117,126,129,178,174,166,147,134,143,156,150,170,176,173,105,96,89,98,65,87,83,278,268,298,250,281,281,283,287,350,339,370,335,331,290,306,238,204,208,590,589,1008,941,1058,1057,1055,1050,1003,975,1297,1261,1231,1229,1520,1516,1307,1108,1521,1503,1471,1556,1522,1635,1465,1313,12849,6242,6203,4133,4133,0]} 1. c4 e5 2. Nc3 d6 3. g3 Nc6 4. Nf3 g6 5. d4 exd4 6. Nxd4 Bg7 7. Nxc6 bxc6 8. Bg2 Bd7 9. O-O {A27: Englische Eröffnung (Holländische Struktur)} Ne7 {LiveBook: 9 Partien} 10. c5 (10. Bf4 Rb8 11. Qd2 O-O 12. b3 c5 13. Bh6 Bc6 14. Bxg7 Kxg7 15. Rad1 Bxg2 16. Kxg2 Qd7 {½-½ (75) Grandelius,N (2647)-Petrosyan,M (2570) chess.com INT 2018}) 10... d5 11. e4 {[%cal Re4d5] Weiß steht etwas besser.} d4 ({Besser ist} 11... Be6 $14) 12. Ne2 $16 Bg4 {[#] Weiss muss nun ...d3 beachten.} 13. Qd3 $146 ({Vorgänger:} 13. f3 Be6 14. Nf4 Bc4 15. Nd3 O-O 16. b3 Ba6 {1-0 (43) Poldauf,D (2445)-Rubene,I (2255) Groningen 1994}) 13... Bxe2 14. Qxe2 d3 15. Qd2 Qd4 16. Rb1 Rd8 17. b4 O-O 18. Bb2 Qc4 19. Bxg7 Kxg7 20. Rb3 Rd7 21. Rc1 Qd4 22. Re1 (22. Rcc3 $18) 22... Rfd8 23. Bf1 Qc4 24. f3 {[%cal Bf2f3,Bf3e4,Be4e5][%mdl 32]} a5 25. Rc1 Qe6 $2 (25... Qd4+ $16 26. Kg2 f5) 26. bxa5 $18 f5 27. Bxd3 Qf6 28. Qe2 fxe4 29. fxe4 ({Bloß nicht} 29. Qxe4 $6 Nf5 $16) 29... Qd4+ 30. Kg2 g5 31. Rc4 Qf6 {Jetzt ...Sg6 und Schwarz darf weiter klammern.} 32. e5 Qe6 {[#] Und weiter mit ...Txd3! wäre nett.} 33. Rc2 Rd4 {zielt auf ...Dd5+ ab.} 34. Bc4 Qf5 $2 (34... Qg6 {leistet mehr Widerstand.} 35. Rf3 Nd5 36. Bxd5 cxd5) 35. Rf3 {Weiß steht klar auf Gewinn.} Qxc2 36. Rf7+ Kh6 37. Qxc2 {[%csl Gc2][%cal Rf7h7]} Rd2+ 38. Qxd2 Rxd2+ {[%mdl 4096] Endspiel KTL-KTS} 39. Kf3 Ng6 40. Ke3 Rc2 41. Kd4 Nxe5 42. Kxe5 Rxc4 {KT-KT} 43. Rf6+ Kh5 44. Rxc6 Rc2 45. Rxc7 h6 46. h3 Rxa2 47. Rc6 Rxa5 48. g4+ Kh4 49. Rxh6+ Kg3 50. Ke4 $2 {[%mdl 32768] Precision: Weiß = 80%, Schwarz = 32%. . Sensor Board Error (Ke4/e5)?} (50. Kd4 $18 Ra1 51. c6) 1-0

[Event "SRB-chT 1st League Women 2018"]
[Site "Zajecar"]
[Date "2018.09.06"]
[Round "7"]
[White "Doluhanova, Evgeniya"]
[Black "Ambartsumova, Karina"]
[Result "1/2-1/2"]
[WhiteElo "2321"]
[BlackElo "2386"]
[Annotator "NA"]
[PlyCount "24"]
[EventDate "2018.08.31"]
[EventType "team-tourn"]
[EventCountry "SRB"]
[SourceTitle "playchess.com"]
[Source "ChessBase"]
[SourceQuality "1"]
[TimeControl "40/5400+30:1800+30"]

1. e4 {[%emt 0:00:00]} e5 {[%emt 0:00:04]} 2. Nf3 Nc6 {[%emt 0:00:24]} 3. Nc3 {[%emt 0:01:16]} Nf6 {[%emt 0:00:34]} 4. d4 {[%emt 0:00:00]} exd4 {[%emt 0:00:07]} 5. Nxd4 Bb4 {[%emt 0:00:36]} 6. Nxc6 {[%emt 0:00:23]} bxc6 {[%emt 0:00:09]} 7. Bd3 {[%emt 0:00:03]} d5 {[%emt 0:01:53]} 8. exd5 {[%emt 0:00:08]} cxd5 9. O-O {[%emt 0:00:16]} O-O {[%emt 0:00:09]} 10. h3 {[%emt 0:00:16]} c6 {[%emt 0:06:46]} 11. Qf3 {[%emt 0:08:42]} Bd6 {[%emt 0:10:58]} 12. Bg5 {[%emt 0:07:47]} Rb8 1/2-1/2

[Event "SRB-chT 1st League Women 2018"]
[Site "Zajecar"]
[Date "2018.09.06"]
[Round "7"]
[White "Voiska, Margarita"]
[Black "Srdanovic, Jovana"]
[Result "1-0"]
[WhiteElo "2241"]
[BlackElo "2149"]
[Annotator "NA"]
[PlyCount "95"]
[EventDate "2018.08.31"]
[EventType "team-tourn"]
[EventCountry "SRB"]
[SourceTitle "playchess.com"]
[Source "ChessBase"]
[SourceQuality "1"]
[TimeControl "40/5400+30:1800+30"]

1. c4 {[%emt 0:00:00]} c6 {[%emt 0:00:00]} 2. e4 {[%emt 0:00:02]} d5 {[%emt 0:00:00]} 3. exd5 {[%emt 0:00:09]} cxd5 {[%emt 0:00:00]} 4. cxd5 {[%emt 0:00:15]} Nf6 {[%emt 0:00:00]} 5. Nc3 {[%emt 0:00:37]} Nxd5 {[%emt 0:01:00]} 6. Nf3 {[%emt 0:01:11]} e6 {[%emt 0:00:19]} 7. d4 {[%emt 0:02:07]} Nc6 {[%emt 0:01:22]} 8. Bb5 {[%emt 0:01:55]} Bb4 {[%emt 0:06:47]} 9. Bd2 {[%emt 0:04:48]} O-O {[%emt 0:02:32] B14: Caro-Kann: Panov-Botvinnik Attack with 5...e6 and 5...g6} 10. O-O {[%emt 0:05:52]} Be7 {[%emt 0:06:02]} 11. Qe2 $146 {[%emt 0:23:18]} ({Predecessor:} 11. Re1 Bf6 12. Bxc6 bxc6 13. Ne4 Qb6 14. Nxf6+ Nxf6 15. Qc2 a5 16. Rac1 Bb7 17. Qc5 {1-0 (42) Tari,A (2599)-Dudukin,I (2396) chess.com INT 2018}) 11... a6 {[%emt 0:17:15]} 12. Bxc6 {[%emt 0:02:28]} bxc6 {[%emt 0:00:20]} 13. Na4 {[%emt 0:07:03]} a5 {[%emt 0:02:49]} 14. Rfc1 {[%emt 0:01:14]} Ba6 {[%emt 0:01:01]} 15. Qe4 {[%emt 0:01:34]} Bb5 {[%emt 0:00:29]} 16. Nc5 {[%emt 0:03:52]} a4 {[%emt 0:00:24]} 17. a3 {[%emt 0:00:37]} Nf6 {[%emt 0:00:58]} 18. Qc2 {[%emt 0:02:16]} Qd5 {[%emt 0:01:23]} 19. Bb4 {[%emt 0:00:20]} Rfe8 {[%emt 0:05:24]} 20. Re1 {[%emt 0:07:44]} Bd6 {[%emt 0:01:28]} 21. Rad1 {[%emt 0:05:55]} Bc7 {[%emt 0:04:48]} 22. Ne5 {[%emt 0:03:21]} Red8 {[%emt 0:03:14]} 23. h3 {[%emt 0:01:35]} Bb6 {[%emt 0:00:29]} 24. Nb7 {[%emt 0:04:57]} Rdb8 {[%emt 0:00:46]} 25. Nd6 {[%emt 0:05:14]} Ra7 {[%emt 0:01:55]} 26. Nxb5 {[%emt 0:01:44]} cxb5 {[%emt 0:02:42]} 27. Nc6 {[%emt 0:01:03]} Rc7 {[%emt 0:02:37]} 28. Ne7+ {[%emt 0:00:11]} Rxe7 {[%emt 0:01:06]} 29. Bxe7 {[%emt 0:00:03]} Bxd4 {[%emt 0:04:00]} 30. Bb4 {[%emt 0:06:00]} e5 {[%emt 0:02:14]} 31. Qc7 {[%emt 0:02:47]} Rd8 {[%emt 0:02:25]} 32. Bc3 {[%emt 0:01:01]} Ne8 {[%emt 0:00:31]} 33. Qe7 {[%emt 0:00:38]} Nf6 {[%emt 0:00:27]} 34. Bxd4 {[%emt 0:01:26]} exd4 {[%emt 0:00:06]} 35. Rd3 {[%emt 0:02:26]} h6 {[%emt 0:00:56]} 36. Red1 {[%emt 0:01:03]} Re8 {[%emt 0:01:38]} 37. Qb4 {[%emt 0:00:05]} Qf5 {[%emt 0:02:41]} 38. Qxd4 {[%emt 0:00:43]} Re4 {[%emt 0:00:22]} 39. Qd8+ {[%emt 0:00:27]} Re8 {[%emt 0:00:17]} 40. Qd4 {[%emt 0:00:00]} Re4 {[%emt 0:00:00]} 41. Qd8+ {[%emt 0:04:23]} Re8 {[%emt 0:02:22]} 42. Rf3 $18 {[%emt 0:07:18]} Qc2 {[%emt 0:01:26]} 43. Qd2 {[%emt 0:00:19]} Qc5 {[%emt 0:00:27]} 44. Re3 {[%emt 0:00:54]} Rf8 {[%emt 0:01:40]} 45. Rd3 {[%emt 0:01:19]} Kh7 {[%emt 0:02:56]} 46. Rc3 {[%emt 0:04:11]} Qh5 {[%emt 0:02:08]} 47. Qc2+ {[%emt 0:00:25]} Kg8 {[%emt 0:01:04]} 48. Rc5 {[%emt 0:02:17]} 1-0

[Event "SRB-chT 1st League Women 2018"]
[Site "Zajecar"]
[Date "2018.09.06"]
[Round "7"]
[White "Zarkovic, Mila"]
[Black "Djukic, Sandra"]
[Result "1/2-1/2"]
[WhiteElo "2185"]
[BlackElo "2162"]
[Annotator "TA"]
[PlyCount "94"]
[EventDate "2018.08.31"]
[EventType "team-tourn"]
[EventCountry "SRB"]
[SourceTitle "playchess.com"]
[Source "ChessBase"]
[SourceQuality "1"]

{[%evp 10,94,67,60,82,79,118,67,98,90,90,97,97,97,101,104,127,113,132,112,127,39,33,55,44,-27,-43,-52,-57,-69,-64,-78,32,26,21,14,55,63,62,63,98,111,140,113,92,64,64,59,58,45,66,29,29,0,0,0,0,0,0,-77,-70,-134,-112,-168,-160,-159,-133,-203,-131,-154,-145,-131,-69,-78,-47,-47,-47,-50,-50,-50,-49,-38,0,-45,0,-45,0]} 1. e4 e6 2. d4 d5 3. Nc3 Bb4 4. exd5 Qxd5 5. Nf3 Nf6 6. Bd3 {LiveBook: 30 Games} Qd8 {C10: French with 3 Nc3: Unusual Black 3rd moves and 3...dxe4} (6... b6 7. O-O Bxc3 8. bxc3 Ba6 9. Bxa6 Nxa6 10. Qd3 Nb8 11. Ba3 Nbd7 12. c4 Qe4 13. Qd2 c5 14. Rfe1 Qb7 15. d5 O-O 16. dxe6 fxe6 17. Rxe6 Rad8 18. Re7 Qa6 19. Qc3 Nb8 20. Ne5 b5 21. cxb5 {1-0 (22) Baron,T (2528)-Loeffler,S (2378) Karlsruhe 2017}) 7. O-O Nc6 8. Bg5 (8. Ne4 $16) 8... h6 {White is slightly better.} 9. Bxf6 $146 ({Predecessor:} 9. Bh4 O-O 10. Ne4 Be7 11. Bg3 Nxd4 12. Nxd4 Qxd4 13. Nd6 Qc5 14. b4 {½-½ (33) Van Scheltinga,P (1818)-Sundsbo,S (1666) Oslo 2014}) 9... Qxf6 10. Ne4 Qd8 11. c3 Be7 12. Qe2 a6 13. Rad1 O-O 14. Ne5 Qe8 15. Bc2 (15. Rfe1 $16) 15... Nxe5 $14 16. dxe5 Qb5 $1 {[%cal Rb5e2]} 17. Qf3 (17. Nf6+ $14 gxf6 18. Qg4+ Kh8 19. Qh4) 17... Qxe5 $11 18. Rfe1 Qb5 19. b3 f5 20. Ng3 {White wants to play Nxf5!} Bf6 ({Black should play} 20... Bd6 $17) 21. Nh5 $14 Bd7 22. Qg3 $36 {[%mdl 2048] White has the initiative.} Be8 23. Nxf6+ Rxf6 24. Qxc7 Rg6 25. g3 Rf6 26. Bd3 Qc6 27. Qxc6 (27. Qe5 {seems wilder.} Bh5 28. Be2 Bxe2 29. Rd6 Qb5 30. Rxe2 Qxe5 31. Rxe5 Re8 32. c4) 27... Bxc6 28. Bc4 Kf7 29. Rd6 {[%cal Re1e6]} Re8 30. f4 g5 31. Re5 gxf4 32. gxf4 Rg8+ 33. Kf1 {[%cal Rd6e6]} Rg4 34. Rd4 (34. Ke2 $11) 34... Ke7 35. Re2 (35. Bd3 $15) 35... Rfg6 $17 36. Ke1 (36. a4 $17) 36... Rg1+ 37. Kd2 R1g2 38. h4 (38. Ke1 $17) 38... Bf3 39. Rxg2 Rxg2+ {[%mdl 4096] Endgame KRB-KRB} 40. Ke3 {[#]} Be4 (40... Bc6 $1 $17 41. Rd2 Rg3+ 42. Kd4 Rf3) 41. Rd2 Rg3+ 42. Kd4 Kf6 {...Rf3 is the strong threat.} 43. Be2 Rh3 44. h5 Rh4 45. Ke3 Rh3+ 46. Kd4 Rh4 47. Ke3 Rh3+ {Precision: White = 49%, Black = 57%.} 1/2-1/2

[Event "SRB-chT 1st League Women 2018"]
[Site "Zajecar"]
[Date "2018.09.06"]
[Round "7"]
[White "Bojicic, Andjela"]
[Black "Sakotic, Jasna"]
[Result "1-0"]
[WhiteElo "2123"]
[BlackElo "2031"]
[Annotator "TA"]
[PlyCount "203"]
[EventDate "2018.08.31"]
[EventType "team-tourn"]
[EventCountry "SRB"]
[SourceTitle "playchess.com"]
[Source "ChessBase"]
[SourceQuality "1"]

{[%evp 22,203,87,61,70,56,94,88,104,91,82,68,139,138,132,12,12,14,20,34,172,165,162,0,101,101,161,148,126,61,65,49,40,61,58,0,0,0,0,-27,19,19,18,14,94,114,102,0,0,0,-22,-276,-241,-243,-2,-7,-18,-710,-718,-801,-779,-823,-959,-1670,-1672,-1036,-630,-561,-207,-207,0,-5,0,0,39,8,39,39,39,39,39,39,39,39,39,32,32,20,38,38,38,34,44,39,44,44,46,46,46,46,44,44,146,76,670,643,604,50,51,46,48,39,39,36,44,41,48,49,639,530,708,646,650,48,632,56,56,45,43,40,40,40,54,56,73,65,61,58,431,54,52,54,54,50,57,51,51,50,58,54,60,53,529,498,29981,54,600,58,613,53,7104,6754,1443,464,72,60,60,48,76,28,28,28,29972,29973,29973,29974,29987,29988,29992,29990,29993,29994,29994,29995]} 1. d4 Nf6 2. c4 g6 3. Nc3 Bg7 4. e4 d6 5. f3 O-O 6. Be3 e5 7. d5 c6 8. Qd2 cxd5 9. cxd5 Nbd7 10. Bd3 {[%cal Bf1d3,Bd3c2,Bc2a4,Ba4c6][%mdl 32]} a6 11. Nge2 b5 12. O-O {LiveBook: 14 Games} Nc5 {E88: King's Indian: Sämisch: 6...e5 7 d5 c6} (12... Nb6 13. b3 Nh5 14. Rac1 f5 15. Rfd1 Nf6 16. h3 f4 17. Bf2 Nbd7 {½-½ (17) Sosulin,E (2422)-Kalugin,S (2410) Rilsk 2017}) 13. Bc2 Ne8 14. b4 Nd7 {White is better.} 15. a4 bxa4 16. Bxa4 f5 $146 (16... Nb6 $14) ({Predecessor:} 16... Bb7 17. Bc6 Qc8 18. Na4 Bxc6 19. Rfc1 {1-0 (38) Curry,P-Dumins,I IECG email 2002}) 17. Bc6 $16 Rb8 18. Na4 ({White should try} 18. exf5 $16 gxf5 19. b5 axb5 20. Ba7 (20. Bxb5 Nc7 $14) (20. Nxb5 Nb6 $16)) 18... fxe4 $1 $11 19. fxe4 Rxf1+ 20. Rxf1 Qh4 (20... Nef6 $14) 21. Ba7 Nef6 22. g3 $2 ({White should play} 22. Ng3 $18) 22... Qxe4 (22... Qh3 $1 $11) 23. Bxd7 $1 $16 Nxd7 (23... Bxd7 $16 24. Bxb8 Bxa4) 24. Bxb8 $18 Nxb8 25. Qg5 (25. Nec3 $16 Qg4 26. Nb6) 25... Bf5 $14 26. Nac3 Qxb4 27. h3 h5 28. Kh2 (28. Qd8+ $14 Kh7 29. Kg2) 28... Nd7 $1 $11 29. Qd8+ Nf8 30. Qg5 e4 31. g4 hxg4 32. hxg4 Bd7 (32... Bxc3 $11 {keeps the balance.} 33. gxf5 Be5+ 34. Kg2 Qc4) 33. Qe7 $16 Bxg4 34. Rf7 ({Better is} 34. Qf7+ $1 $16 Kh8 35. Rf4) 34... Be5+ $11 35. Kg2 {[%csl Ge7][%cal Rf7f8]} Bf3+ $1 36. Kh3 $2 {[%mdl 8192]} (36. Kf1 $11 {and White is okay.} Qb8 37. Nd1) 36... Qb8 $19 37. Qc7 Qe8 $2 (37... Qa8 $19 38. Ng1 Bxc3) 38. Re7 $11 Qa8 39. Rf7 $2 {[%mdl 8192]} (39. Ng1 $11) 39... Bxe2 $19 40. Nxe2 Qxd5 41. Rf2 e3 {( -> ...Qh1+)} 42. Rf1 Qe6+ 43. Kh4 {[#]} g5+ $1 44. Kxg5 Qg6+ $2 (44... Nh7+ 45. Kh4 Qh6+ 46. Kg4 Qg6+ 47. Kf3 Qf5+ 48. Kxe3 Qxf1 49. Qc4+ Kh8 50. Qc8+ Nf8) 45. Kh4 Ne6 $2 (45... Bf6+ $19 46. Rxf6 Qxf6+ 47. Kg4 Ng6 48. Qb8+ Kg7 49. Qa7+ Kg8 50. Qa8+ Kg7 51. Qa7+ Kg8 52. Qa8+ Kg7 53. Qa7+) 46. Qe7 $11 Qh6+ (46... Ng7 $5 47. Rf8+ $8 Kh7 $11) 47. Kg4 d5 (47... Qg6+ 48. Kh4 $17) 48. Qf7+ Kh8 49. Rf5 Qg7+ $1 50. Qxg7+ Bxg7 51. Rxd5 $14 {[%mdl 4096] Endgame KRN-KBN} Kh7 52. Kf5 Nc7 53. Rd7 Nb5 54. Ke4 Kh6 55. Kxe3 Bf6 56. Rb7 Bg5+ 57. Kf3 Bd2 58. Rb6+ Kg5 59. Rxa6 Nc3 60. Ng3 Be1 $1 61. Nf1 Bh4 (61... Nd5 $14 62. Re6 Bc3) 62. Rc6 $16 Nd1 $2 {[%mdl 8192]} (62... Be1 $16 63. Re6 Bh4) 63. Rc1 $18 Nb2 64. Rc5+ $2 (64. Ke4 $1 $18 Bf2 65. Rc2) 64... Kg6 65. Kg4 Bf6 66. Rd5 {Threatens to win with Nd2.} Nc4 67. Kf4 Be7 68. Ke4 {Rd7 is the strong threat.} Bg5 69. Rd4 Nb2 $2 {[%mdl 8192]} (69... Ne5 $14 70. Rd6+ (70. Kxe5 Bf6+ 71. Kf4 Bxd4 $11) 70... Bf6) 70. Ne3 Bf6 71. Rb4 Bg7 72. Nf5 $2 (72. Nd5 $18 {Hoping for Nf4+.} Nd1 73. Rb3) 72... Bh8 $2 {[%mdl 8192]} (72... Bf6 $14 73. Ne3 Kg5) 73. Rb8 $2 (73. Ne7+ $18 Kf6 74. Nd5+ (74. Rxb2 Kxe7 75. Rb8 Bf6 $11) 74... Kg5 75. Rb5) 73... Bf6 $14 74. Ne3 Na4 75. Kd5 ({But not} 75. Kf3 $6 Bd4 $18) 75... Nc3+ 76. Ke6 Bd4 77. Nf5 Bf2 78. Rg8+ Kh5 79. Rg2 Bb6 $2 {[%mdl 8192]} (79... Ba7 $14 80. Ne7 Bc5) 80. Ke5 $2 (80. Ng7+ $1 $18 Kh4 81. Nf5+ Kh5 82. Rb2) 80... Bc7+ $1 81. Kd4 Nb5+ 82. Ke3 Bb6+ 83. Kf4 {[%csl Gf4][%cal Rg2g5]} (83. Kd3 {seems wilder.} Ba5 84. Rb2 Nc7 85. Rb1 Na6 86. Nd4) 83... Bc7+ 84. Kf3 Be5 85. Ne3 {aiming for Ra2.} Bc7 86. Ke4 Nc3+ $2 {[%mdl 8192]} (86... Nd6+ $14 87. Kd3 Bd8) 87. Kf5 $1 $18 Nb5 (87... Kh4 $18 88. Rd2 Kh3) 88. Rg7 $2 (88. Rg5+ {mates} Kh4 89. Ng2+ (89. Kg6 Nd6 $18) 89... Kh3 90. Ke4 Bg3 91. Ne3 (91. Rxb5 Kxg2 92. Rb2+ Bf2 $11) 91... Nd4 92. Kxd4 Bh4 93. Rg8) 88... Kh4 $2 {[%mdl 8192]} (88... Nd6+ $14 89. Ke6 Nb5) 89. Nd5 $2 ({Only move:} 89. Ng2+ $1 $18 Kh3 90. Ke4) 89... Bd6 $2 {[%mdl 8192] [#]} (89... Bh2 $14 90. Rh7+ Kg3) 90. Ke4 $2 ({White has to play} 90. Rh7+ $1 $18 Kg3 91. Rb7) 90... Kh5 $2 {[%mdl 8192]} (90... Bg3 $14 91. Ne3 Bb8) 91. Rb7 Na3 92. Ne3 (92. Rb6 $142 Nc4 93. Rc6 Nd2+ 94. Kd3) 92... Kg5 93. Kd5 Bf8 94. Ra7 Kg6 95. Ke6 {And now Ra5 would win.} Bc5 96. Ra8 {Strongly threatening Ng4.} Nb1 $2 {[%mdl 8192]} (96... Bxe3 $11 97. Rxa3 Bf4) 97. Rg8+ {White mates.} Kh7 {[#]} 98. Rg3 $1 Nd2 99. Nf5 Ne4 100. Rg7+ Kh8 101. Kf7 Ba3 102. Rg4 {Precision: White = 38%, Black = 29%.} 1-0

[Event "SRB-chT 1st League Women 2018"]
[Site "Zajecar"]
[Date "2018.09.06"]
[Round "7"]
[White "Miladinovic, Lena"]
[Black "Milutinovic, Stefana"]
[Result "1-0"]
[WhiteElo "2098"]
[BlackElo "2149"]
[Annotator "TA"]
[PlyCount "100"]
[EventDate "2018.08.31"]
[EventType "team-tourn"]
[EventCountry "SRB"]
[SourceTitle "playchess.com"]
[Source "ChessBase"]
[SourceQuality "1"]

{[%evp 9,100,-2,-2,-23,-8,-9,-10,-4,-2,2,4,0,3,0,0,-125,5,0,3,5,3,0,41,41,45,58,64,35,40,46,44,50,52,51,84,91,155,124,129,121,143,134,132,138,168,159,175,162,175,167,191,175,209,216,205,196,257,235,227,223,295,292,375,333,416,391,473,467,465,304,296,0,468,452,429,310,338,378,513,503,582,527,694,670,664,660,595,591,586,570,597,521,892]} 1. c4 {Blatny,P} e5 2. a3 d6 (2... Nf6 3. e3 c6 4. Nf3 e4 5. Nd4 d5 6. cxd5 cxd5 7. d3 Bc5 8. Nc3 O-O 9. Be2 exd3 10. Qxd3 Nc6 11. O-O Nxd4 12. exd4 {1-0 (47) Nakamura,H (2775)-Wang,H (2743) Stavanger 2013}) 3. e3 g6 4. b4 Bg7 5. Bb2 Ne7 6. h4 $146 {A20: Englische Eröffnung} ({Vorgänger:} 6. d3 O-O 7. Nd2 Be6 8. Qc2 a5 9. b5 c5 10. Ngf3 {0-1 (112) Votava,J (2530)-Blatny,P (2540) Zlin 1997 CBM 061 [Blatny,P]}) 6... h6 7. d4 O-O 8. Nf3 {Die Stellung ist ausgeglichen.} e4 9. Nfd2 f5 10. Qb3 a5 11. c5+ d5 12. b5 (12. g3 $1 $11 {hält das Gleichgewicht.}) 12... Kh7 (12... f4 $17 13. Nc3 Be6) 13. g3 $1 $11 Nd7 14. Nc3 {[%cal Bb1c3,Bc3a4,Ba4b6][%mdl 32]} Nf6 15. Be2 c6 16. Na4 f4 17. gxf4 Bg4 18. Nb6 Bxe2 19. Kxe2 Ra7 20. Rag1 Nf5 21. Nf1 Nh5 {[#]} 22. Ng3 $1 Nxh4 (22... a4 $142 23. Nxa4 Bxd4) 23. Nxh5 $16 gxh5 24. Qa4 Nf3 25. bxc6 {Droht stark Tg2.} Nxg1+ 26. Rxg1 Qc7 27. Nxd5 Qxc6 {[#]} 28. Nb6 $1 Qxa4 29. Nxa4 Raa8 30. Nb6 {[%mdl 1024] Weiss hat starke Kompensation.} Rad8 31. Bc3 a4 32. Rh1 ({Keinesfalls} 32. Nxa4 $6 Ra8 $16) 32... Rf5 (32... Bf6 {kämpft weiter.} 33. Rxh5 Kg6) 33. f3 exf3+ 34. Kxf3 Rdf8 35. Nc4 ({Schwächer ist} 35. Nxa4 Ra8 $16) 35... R5f7 36. Rxh5 Kg6 37. Rh1 Kh7 38. Nd6 Rd7 39. Ne4 Re8 {Und ...Tde7 würde nun gewinnen.} 40. Nd6 (40. f5 $142) 40... Rf8 $18 41. Bb4 Rfd8 42. Nc4 Re8 43. Rd1 Bf6 44. d5 {Weiß steht klar auf Gewinn.} h5 45. e4 {[%cal Be3e4,Be4e5][%mdl 32]} h4 46. e5 Bd8 47. Nd6 Rg8 {Wenn Schwarz jetzt Zeit für ...Tdg7 hätte...} 48. Nf5 Rf7 49. Ke4 Rgf8 50. c6 Rxf5 {Precision: Weiß = 84%, Schwarz = 41%.} 1-0

[Event "SRB-chT 1st League Women 2018"]
[Site "Zajecar"]
[Date "2018.09.06"]
[Round "7"]
[White "Sakotic, Ana"]
[Black "Vuckovic, Jovana"]
[Result "*"]
[WhiteElo "1706"]
[BlackElo "1992"]
[Annotator "NA"]
[PlyCount "47"]
[EventDate "2018.08.31"]
[EventType "team-tourn"]
[EventCountry "SRB"]
[SourceTitle "playchess.com"]
[Source "ChessBase"]
[SourceQuality "1"]
[TimeControl "40/5400+30:1800+30"]

1. e4 {[%emt 0:00:00]} c5 {[%emt 0:00:00]} 2. Nf3 {[%emt 0:00:00]} a6 {[%emt 0:00:00]} 3. c3 {[%emt 0:01:23]} d5 {[%emt 0:00:00]} 4. exd5 {[%emt 0:03:08]} Qxd5 {[%emt 0:00:04]} 5. Be2 {[%emt 0:00:54]} Nf6 {[%emt 0:01:52]} 6. h3 {[%emt 0:04:47]} Nc6 {[%emt 0:03:47]} 7. O-O {[%emt 0:00:50]} e6 {[%emt 0:08:27]} 8. Na3 {[%emt 0:03:35]} Be7 {[%emt 0:03:10]} 9. Nc2 {[%emt 0:01:07]} O-O {[%emt 0:02:17]} 10. d4 {[%emt 0:02:07]} cxd4 {[%emt 0:05:08]} 11. Ncxd4 {[%emt 0:00:43]} Nxd4 {[%emt 0:03:11]} 12. Nxd4 {[%emt 0:01:22]} e5 {[%emt 0:07:14]} 13. Nf3 {[%emt 0:05:13]} Qa5 {[%emt 0:04:09]} 14. Qc2 {[%emt 0:06:25]} Qc7 {[%emt 0:18:18]} 15. Bg5 {[%emt 0:09:26]} Re8 {[%emt 0:10:27]} 16. Rfe1 {[%emt 0:01:32]} h6 {[%emt 0:02:24]} 17. Bh4 {[%emt 0:00:31]} Nd7 {[%emt 0:03:55]} 18. Bxe7 {[%emt 0:01:00]} Rxe7 {[%emt 0:00:01]} 19. Bd3 $11 {[%emt 0:01:01]} Nc5 {[%emt 0:01:37]} 20. Rad1 {[%emt 0:01:56]} Bd7 {[%emt 0:04:13]} 21. Qd2 {[%emt 0:06:31]} Bc6 {[%emt 0:02:41]} 22. Be2 {[%emt 0:13:33]} Ne4 {[%emt 0:02:26]} 23. Qc2 {[%emt 0:02:00]} f5 {[%emt 0:03:29]} 24. Nh4 {[%emt 0:00:47]} *